Die zürcher verlobung
Збережено в:
| Автор: | |
|---|---|
| Формат: | Книга |
| Мова: | Undetermined |
| Опубліковано: |
Dänemark
Grafisk Forlag
1978
|
| Предмети: | |
| Теги: |
Додати тег
Немає тегів, Будьте першим, хто поставить тег для цього запису!
|
MARC
| LEADER | 00000nam a2200000Ia 4500 | ||
|---|---|---|---|
| 008 | 170316s9999 xx 000 0 und d | ||
| 040 | |a cru BVZT | ||
| 090 | |a 830 N-2d | ||
| 100 | |a Noack, Barbara | ||
| 245 | |a Die zürcher verlobung | ||
| 260 | |a Dänemark | ||
| 260 | |b Grafisk Forlag | ||
| 260 | |c 1978 | ||
| 300 | |a 90 páginas | ||
| 650 | |a LITERATURA ALEMANA | ||
| 999 | |c 7406 |d 7406 | ||
| 942 | |c 15 D |h 830 N-2d |2 z | ||
